000 00298nam a22001337a 4500
008 170623b xxu||||| |||| 00| 0 eng d
020 _a8971414715
041 _aeng
080 _a32
100 _a21
101 _aSHP
245 _aTHE POLITICS OF THE TWO-LEVEL GAME
_cKIM, S.M
942 _2udc
_cBK
999 _c18924
_d18924